000 01182cam a2200349 a 4500
001 16597946
003 OSt
005 20150408114040.0
008 110104s2011 enk 001 0 eng
010 _a 2010053866
020 _a9780749460624 (pbk.)
020 _a0749460628 (pbk.)
020 _a9780749460631
020 _a0749460636
035 _a(OCoLC)ocn555673435
040 _aDLC
_cDLC
_dYDX
_dBTCTA
_dYDXCP
_dCDX
_dBWX
_dDLC
042 _apcc
050 0 0 _aHF5415.1265
_b.R92 2011
082 0 0 _a658.872
_222
100 1 _aRyan, Damian.
_915119
245 1 4 _aThe best digital marketing campaigns in the world :
_bmastering the art of customer engagement /
_cDamian Ryan and Calvin Jones.
260 _aLondon ;
_aPhiladelphia :
_bKogan Page,
_cc2011.
300 _avi, 210 p. ;
_c22 cm.
500 _aIncludes index.
650 0 _aInternet marketing
_vCase studies.
_915120
650 0 _aAdvertising campaigns
_vCase studies.
_915112
650 0 _aSocial media.
_915121
650 0 _aMarketing
_xManagement.
_915122
700 1 _aJones, Calvin.
_915123
942 _2ddc
_cBOOK
999 _c23775
_d258275